[Event "GER-ch U18 sf Berlin Online"]
[Site "Playchess.com INT"]
[Date "2020.05.01"]
[Round "1"]
[White "Reich, Elisabeth"]
[Black "Spranger, Tobias"]
[Result "0-1"]
[WhiteElo "1500"]
[BlackElo "1620"]
[PlyCount "70"]
[EventDate "2020.05.01"]
[EventType "swiss (blitz)"]
[EventRounds "13"]
[EventCountry "GER"]
[SourceTitle "CBM 195 Extra"]
[Source "ChessBase"]
[SourceDate "2020.05.31"]
[SourceVersion "1"]
[SourceVersionDate "2020.05.31"]
[SourceQuality "1"]

1. e4 e5 2. Nf3 Nc6 3. d4 exd4 4. c3 dxc3 5. Bc4 d6 6. Qb3 Qf6 7. Nxc3 Na5 8. Qb5+ Nc6 9. 0-0 Bg4 10. Bd5 Nge7 11. Qxb7 Rd8 12. Bxc6+ Nxc6 13. Qxc6+ Rd7 14. Bg5 Bxf3 15. Bxf6 gxf6 16. gxf3 Rg8+ 17. Kh1 Bh6 18. Nd5 Bg5 19. Nxc7+ Ke7 20. Nd5+ Ke6 21. Qc4 Ke5 22. f4+ Bxf4 23. Nxf4 Kxf4 24. Qc8 Rxc8 25. Rac1 Rxc1 26. Rxc1 Kxe4 27. Kg2 d5 28. f3+ Ke3 29. Re1+ Kd2 30. Kf2 d4 31. Re2+ Kc1 32. b3 d3 33. Re1+ Kc2 34. Ke3 d2 35. Rd1 Kxd1 0-1

[Event "GER-ch U18 sf Berlin Online"]
[Site "Playchess.com INT"]
[Date "2020.05.01"]
[Round "7"]
[White "Spranger, Tobias"]
[Black "Kempe, Caius Emilian"]
[Result "0-1"]
[WhiteElo "1620"]
[BlackElo "1484"]
[PlyCount "38"]
[EventDate "2020.05.01"]
[EventType "swiss (blitz)"]
[EventRounds "13"]
[EventCountry "GER"]
[SourceTitle "CBM 195 Extra"]
[Source "ChessBase"]
[SourceDate "2020.05.31"]
[SourceVersion "1"]
[SourceVersionDate "2020.05.31"]
[SourceQuality "1"]

1. c4 Nf6 2. Nc3 c5 3. g3 d5 4. cxd5 Nxd5 5. Bg2 Nc7 6. Nf3 Nc6 7. 0-0 e5 8. d3 Bd6 9. e4 Bd7 10. Be3 0-0 11. Qd2 Rc8 12. a3 Ne6 13. Nd5 f6 14. Rac1 b6 15. Nh4 Ned4 16. Nf3 Nb3 17. Qc3 Nxc1 18. Rxc1 Nd4 19. Qb3 Nxb3 0-1